Electronic devices and circuit theory (Record no. 10469)

000 -LEADER
fixed length control field 00526nam a2200205 4500
001 - CONTROL NUMBER
control field 10469
003 - CONTROL NUMBER IDENTIFIER
control field BD-DhUET
008 - FIXED-LENGTH DATA ELEMENTS--GENERAL INFORMATION
fixed length control field 150207b xxu||||| |||| 00| 0 eng d
020 ## - INTERNATIONAL STANDARD BOOK NUMBER
International Standard Book Number 0876928068
040 ## - CATALOGING SOURCE
Transcribing agency 0
Modifying agency BD-DhUET
082 ## - DEWEY DECIMAL CLASSIFICATION NUMBER
Classification number 623.8151
Item number BOY/1993
100 ## - MAIN ENTRY--PERSONAL NAME
Personal name Boylestad, Robert
245 ## - TITLE STATEMENT
Title Electronic devices and circuit theory
250 ## - EDITION STATEMENT
Edition statement 5th ed.
260 ## - PUBLICATION, DISTRIBUTION, ETC. (IMPRINT)
Place of publication, distribution, etc. New Delhi
Name of publisher, distributor, etc. Prentice-Hall of India
Date of publication, distribution, etc. 1993
300 ## - PHYSICAL DESCRIPTION
Extent xix,916p.
Other physical details ill.
650 #0 - SUBJECT ADDED ENTRY--TOPICAL TERM
Topical term or geographic name as entry element Electronic-devices
700 ## - ADDED ENTRY--PERSONAL NAME
Personal name Nashelsky, Louis
942 ## - ADDED ENTRY ELEMENTS (KOHA)
Koha item type General Book
Holdings
Sublocation or collection (holding branch) Koha item type Withdrawn status Not for loan Koha date last seen Location (home branch) Piece designation (barcode) Date acquired Price effective from Lost status Koha full call number Damaged status Shelving location Copy number Source of classification or shelving scheme Koha normalized classification for sorting
Central Library, BUETGeneral Book  2015-02-07Central Library, BUET864952015-02-072015-02-07 623.8151/BOY/1993 Circulation section1 623_815100000000000_BOY_1993